000 00660nam a2200193Ia 4500
003 GCL
008 140319s9999 xx 000 0 ara d
020 _a1323887977
040 _aGCL /
_cGCL
082 0 4 _a370.11
_bا ا
100 1 _aاركارو، جانيس
245 1 0 _aاصلاح التعليم :
_bالجودة الشاملة فى حجرة الدراسة /
_cاركارو، جانيس
260 _aالقاهرة :
_bدار الاحمدى للنشر ،
_c2002
300 _a171 ص ؛
_c20 سم
650 0 4 _aالتخطيط التربوى
650 0 4 _aالمدرسون
650 0 4 _aالتعليم - اغراضه واهدافه
942 _2ddc
_cBK
999 _c5788
_d5788